Themed General Knowledge Questions #19 - Statistics

General Stats
  • This quiz has been taken 38 times
  • The average score is 7 of 10
Answer Stats
Question Answer % Correct
What type of tree is the tallest? Coast redwood
84%
What is the most popular pizza type worldwide? Pepperoni
84%
Which of these composers' style was French impressionism? Claude Debussy
78%
Which of these car companies are the oldest? Ford
78%
What US state is located directly on a hotspot? Hawaii
78%
What is the sum of the interior angles of an isosceles triangle? 180°
72%
How many vertebrae are in the neck? 7
59%
What element is the Sun primarily made out of? Hydrogen
59%
On what mountain did God give Moses the Ten Commandments? Mount Sinai
56%
Which is not a book that Louisa May Alcott wrote? Amy's family
28%
No matching quizzes found
Score Distribution
Percent of People with Each Score
Percentile by Number Answered
Your Score History
You have not taken this quiz